000 00345nam a2200157Ia 4500
100 _aAlavala/Chennakesava R
650 _aComputer graphics
942 _cBK
366 _f25
245 _aComputer Graphics
260 _bPrentice -Hall of India
_c2009
082 _a6.6
_bALA
300 _a327
546 _aENGLISH
_cComputers
999 _c25035
_d25035